000 00435cam a2200193ua 4500
001 2795
008 110908n ii |||gr||||Z||||||asm
020 _a81-7331-093-9
040 _cMAIN
082 _a891.4512
100 1 _eAuthor.
245 1 1 _aPiyoli Phukan
_cby
250 _a4th.
260 _aGuahati:
_bLawyers book stall,995.
300 _a92p:
_c23cm.
653 _aAssamese drama
653 _aPiyoli Phukan
942 _cBK
999 _c2644
_d2644